书目信息 |
| 题名: |
经贸英语测试
|
|
| 作者: | 肖云 主编 | |
| 分册: | ||
| 出版信息: | 武汉 华中理工大学出版社 1997.02 |
|
| 页数: | 191页 | |
| 开本: | 16开 | |
| 丛书名: | ||
| 单 册: | ||
| 中图分类: | H31 | |
| 科图分类: | ||
| 主题词: | 英语 | |
| 电子资源: | ||
| ISBN: | 7-5609-1465-9 | |
| 000 | 00531nam0 2200193 45 | |
| 001 | 0009131984 | |
| 005 | 20000913192416.2 | |
| 010 | @a7-5609-1465-9@d10.80元 | |
| 100 | @a20000913d1997 km y0chiy0120 ea | |
| 101 | 0 | @achi |
| 105 | @a z 000yy | |
| 200 | 1 | @a经贸英语测试@AJing Mao Ying Yu Ce Shi@f肖云主编@FXiao Yun Zhu Bian |
| 210 | @a武汉@c华中理工大学出版社@d1997.02 | |
| 215 | @a191页@d16开 | |
| 606 | 0 | @a英语 |
| 690 | @aH31@v3 | |
| 701 | 0 | @a肖云@4主编 |
| 801 | @aCN@bPftUser@c20000913 | |
| 905 | @b140514-518@dH31@eX569@f5 | |
| 经贸英语测试/肖云主编.-武汉:华中理工大学出版社,1997.02 |
| 191页;16开 |
| ISBN 7-5609-1465-9:10.80元 |
| ● |
| 相关链接 |
|
|
|
正题名:经贸英语测试
索取号:H31/X569
 
预约/预借
| 序号 | 登录号 | 条形码 | 馆藏地/架位号 | 状态 | 备注 |
| 1 | 140514 | 201405149 | 社科二线400B/400B社科库 7排3列3层/ [索取号:H31/X569] | 在馆 | |
| 2 | 140515 | 201405158 | 社科二线400B/400B社科库 7排3列3层/ [索取号:H31/X569] | 在馆 | |
| 3 | 140516 | 201405167 | 社科二线400B/400B社科库 7排3列3层/ [索取号:H31/X569] | 在馆 | |
| 4 | 140517 | 201405176 | 语言库209/209语言库 88排3列3层/ [索取号:H31/X569] | 在馆 | |
| 5 | 140518 | 201405185 | 语言库209/209语言库 88排3列3层/ [索取号:H31/X569] | 在馆 |